000 00654nam a2200277Ia 4500
005 20260324145109.0
008 008 260324s9999 xx 000 0 eng d
020 _a9781003419693
037 _aEBOOK
040 _aCRL
040 _beng
040 _cCRL
041 _2eng
041 _aeng
084 _qCRL
100 _aM.S. El Azhary
_91221743
245 4 _aThe Impact of Oil Revenues on Arab Gulf Development
260 _bTaylor and Francis
260 _c1984
365 _a
365 _b145
856 _uhttp://www.taylorfrancis.com/books/9781003419693
942 _cEBOOK
999 _c1829181
_d1829181